| 000 | 00459pab a2200169 454500 | ||
|---|---|---|---|
| 008 | 180718b2008 xxu||||| |||| 00| 0 eng d | ||
| 100 | _aQureshi, Mahvash Saeed | ||
| 245 | _aDistributional consequences of globalisation: empirical evidence from panel data | ||
| 260 | _c2008 | ||
| 300 | _ap.1424-449. | ||
| 362 | _aNov | ||
| 650 | _aGlobalization | ||
| 700 | _aWan, Guanghua | ||
| 773 | _aJournal of Development Studies | ||
| 908 | _aN | ||
| 909 | _a81021 | ||
| 999 |
_c81021 _d81021 |
||